Growth performance of indigenous species under different planting methods on degraded forest area in Pasoh Forest Reserve, Negeri Sembilan

Bibliographic Details
Main Author: ZAILANI bin Man
Format: Book
Published: Serdang, Selangor : Universiti Putra Malaysia , 2001
Subjects:

MARC

LEADER 00000cam a2200000 7i4500
001 0000001278
005 20140402.0
090 0 0 |a R THE634.909595117   |b ZAI 2001 
100 0 0 |a ZAILANI bin Man 
245 1 0 |a Growth performance of indigenous species under different planting methods on degraded forest area in Pasoh Forest Reserve, Negeri Sembilan   |c Zailani bin Man 
260 0 0 |a Serdang, Selangor :   |b Universiti Putra Malaysia ,   |c 2001 
300 |a ix, 67 p. ;   |c 30 cm. 
500 0 0 |a Bachelor of Forestry Science - Universiti Putra Malaysia, 2001 
500 0 0 |a Bibliography : [p. 41-43] 
650 0 0 |a Tree planting   |z Negeri Sembilan 
998 |a JPSM 
999 |a 0000002228   |b Monograph   |c Thesis   |e Default branch